000
00338nam a2200133Ia 4500
008
240624s9999 xx 000 0 und d
041
_a
eng
082
_a
658.802 HAR
100
_a
HARKIN JAMES
245
_a
NICHE WHY THE MARKET NO LONGER FAVOURS T
260
_c
2011
_a
New Delhi
_b
Hachette India
300
_a
256 : p.
365
_c
RS
_b
25
999
_c
17408
_d
17408